[Event "Estonian-ch Open 2020"]
[Site "Paul Kerese Malemaja"]
[Date "2020.08.15"]
[Round "8.3"]
[White "Shishkov, Andrei"]
[Black "Kulaots, Kaido"]
[Result "0-1"]
[WhiteElo "2390"]
[BlackElo "2524"]
[Annotator "ChessBase"]
[PlyCount "56"]
[EventDate "2020.08.09"]
[EventCountry "EST"]
[SourceTitle "playchess.com"]
[Source "ChessBase"]
[SourceQuality "1"]
[TimeControl "40/5400+30:900+30"]

1. d4 {[%emt 0:00:00]} Nf6 {[%emt 0:00:00]} 2. c4 {[%emt 0:00:00]} e6 {[%emt 0:00:00]} 3. Nc3 {[%emt 0:00:00]} Bb4 {[%emt 0:00:00]} 4. Qc2 {[%emt 0:00:00]} d5 {[%emt 0:00:33]} 5. cxd5 {[%emt 0:00:00]} exd5 {[%emt 0:00:13]} 6. Bg5 {[%emt 0:00:00]} c5 {[%emt 0:00:20]} 7. dxc5 {[%emt 0:00:12]} h6 {[%emt 0:00:44]} 8. Bh4 {[%emt 0:00:10]} g5 {[%emt 0:00:45]} 9. Bg3 {[%emt 0:00:07]} Ne4 {[%emt 0:00:12]} 10. e3 {[%emt 0:00:11]} Qa5 {[%emt 0:00:55]} 11. Rc1 {[%emt 0:01:08]} Nc6 {[%emt 0:02:25]} 12. Bd3 {[%emt 0:04:28]} Nxg3 {[%emt 0:01:44]} 13. hxg3 {[%emt 0:00:10]} d4 {[%emt 0:00:43]} 14. exd4 {[%emt 0:25:08]} Nxd4 {[%emt 0:00:10]} 15. Qd1 {[%emt 0:00:42]} Bxc5 {[%emt 0:00:59]} 16. a3 {[%emt 0:14:00]} Be7 {[%emt 0:12:46]} 17. Nge2 {[%emt 0:04:49]} Bg4 {[%emt 0:06:19]} 18. f3 {[%emt 0:03:36]} Nxe2 {[%emt 0:01:20]} 19. Qxe2 {[%emt 0:00:36]} Be6 {[%emt 0:00:13]} 20. Bb5+ {[%emt 0:04:08]} Kf8 {[%emt 0:03:09]} 21. Qe5 {[%emt 0:12:49]} Kg8 {[%emt 0:02:53]} 22. Qe4 {[%emt 0:06:45]} Qb6 {[%emt 0:08:15]} 23. Rc2 {[%emt 0:08:04]} Bf6 {[%emt 0:03:04]} 24. Bc4 {[%emt 0:02:48]} Bxc3+ {[%emt 0:14:47]} 25. Rxc3 {[%emt 0:00:51]} Re8 {[%emt 0:03:34]} 26. Re3 {[%emt 0:03:07]} Kg7 {[%emt 0:05:09]} 27. Re2 {[%emt 0:02:51]} Bxc4 {[%emt 0:00:23]} 28. Qxc4 {[%emt 0:00:06]} Rc8 {[%emt 0:00:05]} 0-1

[Event "Estonian-ch Open 2020"]
[Site "Paul Kerese Malemaja"]
[Date "2020.08.15"]
[Round "8.4"]
[White "Seeman, Tarvo"]
[Black "Kiik, Kalle"]
[Result "1/2-1/2"]
[WhiteElo "2415"]
[BlackElo "2386"]
[Annotator "TA"]
[PlyCount "18"]
[EventDate "2020.08.09"]
[EventCountry "EST"]
[SourceTitle "playchess.com"]
[Source "ChessBase"]
[SourceQuality "1"]

{[%evp 11,18,8,4,3,0,2,18,15,68]} 1. c4 c6 2. e4 d5 3. cxd5 cxd5 4. exd5 Nf6 5. Nc3 Nxd5 6. Nf3 Nc6 {The position is equal.} 7. Bb5 {B10: Caro-Kann: 2 d3 and 2 c4.} e6 {7...g6 is the hot move.} 8. O-O Be7 9. d4 {[#]} Nxc3 $146 {White took control after the opening.} (9... O-O $11) ({Predecessor:} 9... O-O 10. Qe2 Bd7 11. Rd1 Rc8 12. Nxd5 exd5 13. Ne5 Nxe5 14. dxe5 d4 15. Bd3 g6 {½-½ (45) Iturrizaga Bonelli,E (2650)-Steinberg,N (2512) Caleta 2018}) 1/2-1/2

[Event "Estonian-ch Open 2020"]
[Site "Paul Kerese Malemaja"]
[Date "2020.08.15"]
[Round "8.5"]
[White "Chukavin, Kirill"]
[Black "Sepp, Olav"]
[Result "0-1"]
[WhiteElo "2345"]
[BlackElo "2410"]
[Annotator "ChessBase"]
[PlyCount "58"]
[EventDate "2020.08.09"]
[EventCountry "EST"]
[SourceTitle "playchess.com"]
[Source "ChessBase"]
[SourceQuality "1"]
[TimeControl "40/5400+30:900+30"]

1. e4 {[%emt 0:00:51]} e5 {[%emt 0:00:00]} 2. Nf3 {[%emt 0:00:15]} Nc6 {[%emt 0:00:00]} 3. Bc4 {[%emt 0:00:08]} Nf6 {[%emt 0:00:42]} 4. Ng5 {[%emt 0:00:13]} d5 {[%emt 0:00:16]} 5. exd5 {[%emt 0:00:06]} Na5 {[%emt 0:00:03]} 6. Bb5+ {[%emt 0:00:06]} c6 {[%emt 0:00:05]} 7. dxc6 {[%emt 0:00:04]} bxc6 {[%emt 0:00:05]} 8. Qf3 {[%emt 0:00:04]} Be7 {[%emt 0:00:06]} 9. Bd3 {[%emt 0:00:08]} h6 {[%emt 0:10:21]} 10. Ne4 {[%emt 0:00:06]} Nd5 {[%emt 0:00:05]} 11. Ng3 {[%emt 0:00:07]} g6 {[%emt 0:03:00]} 12. O-O {[%emt 0:00:07]} h5 {[%emt 0:18:15]} 13. Re1 {[%emt 0:00:41]} Qc7 {[%emt 0:14:56]} 14. a3 {[%emt 0:17:33]} h4 {[%emt 0:06:14]} 15. Nf1 {[%emt 0:02:34]} f5 {[%emt 0:02:21]} 16. Qd1 {[%emt 0:17:14]} Nf4 {[%emt 0:11:27]} 17. b4 {[%emt 0:23:47]} Nb3 {[%emt 0:01:01]} 18. Bb2 {[%emt 0:00:25]} Bf6 {[%emt 0:01:20]} 19. Ra2 {[%emt 0:12:40]} Be6 {[%emt 0:05:02]} 20. Bc4 {[%emt 0:07:05]} Bxc4 {[%emt 0:01:23]} 21. cxb3 {[%emt 0:00:07]} Bd3 {[%emt 0:08:06]} 22. Qf3 {[%emt 0:01:58]} O-O-O {[%emt 0:03:17]} 23. Ne3 {[%emt 0:03:36]} g5 {[%emt 0:08:28]} 24. Nc4 {[%emt 0:00:49]} g4 {[%emt 0:01:18]} 25. Qe3 {[%emt 0:00:35]} Be4 {[%emt 0:01:25]} 26. Qxf4 {[%emt 0:03:46]} exf4 {[%emt 0:00:04]} 27. Bxf6 {[%emt 0:00:06]} g3 {[%emt 0:01:13]} 28. f3 {[%emt 0:01:44]} gxh2+ {[%emt 0:00:27]} 29. Kxh2 {[%emt 0:00:40]} h3 {[%emt 0:01:52]} 0-1

[Event "Estonian-ch Open 2020"]
[Site "Paul Kerese Malemaja"]
[Date "2020.08.16"]
[Round "9.1"]
[White "Sepp, Olav"]
[Black "Volodin, Aleksandr"]
[Result "1/2-1/2"]
[WhiteElo "2410"]
[BlackElo "2497"]
[Annotator "TA"]
[PlyCount "62"]
[EventDate "2020.08.09"]
[EventCountry "EST"]
[SourceTitle "playchess.com"]
[Source "ChessBase"]
[SourceQuality "1"]

{[%evp 9,62,10,10,-34,-2,-2,0,0,-15,-2,1,2,0,-27,-23,-40,0,-64,0,-37,-27,-34,-27,-58,-57,-58,-58,-47,-40,-55,-52,-50,-47,-84,-66,-91,-51,-70,-52,-58,-46,-52,-45,-47,-20,-23,-23,-47,-47,-36,-8,-14,-13,-10,-2]} 1. Nf3 d5 2. g3 c5 3. Bg2 Nf6 4. O-O e6 5. d4 cxd4 6. b3 {D02: 1 d4 d5 2 Nf3 sidelines, including 2...Nf6 3 g3 and 2...Nf6 3 Bf4.} Be7 7. Bb2 O-O 8. Nxd4 e5 9. Nf3 e4 10. Nd4 Nc6 {[#]} 11. Qd2 $146 ({Predecessor:} 11. c4 Nxd4 12. Qxd4 dxc4 13. bxc4 Be6 14. Nd2 Qxd4 15. Bxd4 Rfd8 16. e3 Rac8 17. Rac1 {½-½ (41) Repka,C (2534)-Huschenbeth,N (2571) Le Castella 2018}) 11... Bg4 $36 {[%mdl 2048] Black has good play.} 12. h3 Bd7 13. Nc3 (13. Nxc6 $11 bxc6 14. c4) 13... Rc8 (13... Qc8 $15) 14. Nd1 Bb4 15. c3 $1 {[%cal Rc3b4]} Bc5 16. Ne3 Nxd4 17. cxd4 Bd6 18. Rfc1 Qb6 19. Bc3 h6 20. Bf1 Be6 21. Kh2 Qb5 22. Rab1 Rfe8 23. a4 Qd7 24. Bb4 Bb8 25. Rxc8 Rxc8 26. Rc1 Ne8 (26... Nh5 {looks sharper.} 27. Kg1 f5 28. Nd1 f4 29. g4 Rd8) 27. Rxc8 Qxc8 28. Qc2 Qxc2 29. Nxc2 f5 30. f4 exf3 31. exf3 Nf6 {Accuracy: White = 70%, Black = 68%.} 1/2-1/2

[Event "Estonian-ch Open 2020"]
[Site "Paul Kerese Malemaja"]
[Date "2020.08.16"]
[Round "9.2"]
[White "Kiik, Kalle"]
[Black "Chukavin, Kirill"]
[Result "1/2-1/2"]
[WhiteElo "2386"]
[BlackElo "2348"]
[Annotator "ChessBase"]
[PlyCount "29"]
[EventDate "2020.08.09"]
[EventCountry "EST"]
[SourceTitle "playchess.com"]
[Source "ChessBase"]
[SourceQuality "1"]
[TimeControl "40/5400+30:900+30"]

1. c4 {[%emt 0:00:00]} e6 {[%emt 0:00:00]} 2. Nf3 {[%emt 0:00:11]} d5 {[%emt 0:00:48]} 3. e3 {[%emt 0:00:21]} Nf6 {[%emt 0:00:39]} 4. b3 {[%emt 0:00:32]} c5 {[%emt 0:00:52]} 5. cxd5 {[%emt 0:00:38]} exd5 {[%emt 0:04:19]} 6. Bb2 {[%emt 0:00:25]} Nc6 {[%emt 0:03:37]} 7. Be2 {[%emt 0:00:23]} a6 {[%emt 0:12:08]} 8. d4 {[%emt 0:07:47]} cxd4 {[%emt 0:03:35]} 9. Nxd4 {[%emt 0:00:08]} Bb4+ {[%emt 0:00:15]} 10. Bc3 {[%emt 0:00:14]} Qa5 {[%emt 0:00:44]} 11. Qd2 {[%emt 0:12:32]} Bxc3 {[%emt 0:24:26]} 12. Nxc3 {[%emt 0:01:48]} Nxd4 {[%emt 0:02:09]} 13. Qxd4 {[%emt 0:00:21]} O-O {[%emt 0:00:29]} 14. O-O {[%emt 0:00:54]} Be6 15. b4 {[%emt 0:07:46]} 1/2-1/2

[Event "Estonian-ch Open 2020"]
[Site "Paul Kerese Malemaja"]
[Date "2020.08.16"]
[Round "9.3"]
[White "Kulaots, Kaido"]
[Black "Seeman, Tarvo"]
[Result "1/2-1/2"]
[WhiteElo "2524"]
[BlackElo "2415"]
[Annotator "ChessBase"]
[PlyCount "31"]
[EventDate "2020.08.09"]
[EventCountry "EST"]
[SourceTitle "playchess.com"]
[Source "ChessBase"]
[SourceQuality "1"]
[TimeControl "40/5400+30:900+30"]

1. e4 {[%emt 0:00:00]} c5 {[%emt 0:00:00]} 2. Nf3 {[%emt 0:00:00]} g6 {[%emt 0:00:00]} 3. d4 {[%emt 0:00:15]} cxd4 {[%emt 0:00:00]} 4. Nxd4 {[%emt 0:00:04]} Bg7 {[%emt 0:00:00]} 5. c4 {[%emt 0:01:20]} Nc6 {[%emt 0:00:39]} 6. Be3 {[%emt 0:00:21]} Nf6 {[%emt 0:00:09]} 7. Nc3 {[%emt 0:00:06]} O-O {[%emt 0:00:21]} 8. Be2 {[%emt 0:00:16]} d6 {[%emt 0:00:15]} 9. O-O {[%emt 0:00:11]} Bd7 {[%emt 0:00:23]} 10. h3 {[%emt 0:02:00]} Nxd4 {[%emt 0:03:04]} 11. Bxd4 {[%emt 0:00:23]} Bc6 {[%emt 0:00:12]} 12. Qc2 {[%emt 0:00:13]} a5 {[%emt 0:01:10]} 13. Rad1 {[%emt 0:00:23]} a4 {[%emt 0:04:19]} 14. c5 {[%emt 0:01:11]} Qa5 {[%emt 0:00:45]} 15. cxd6 {[%emt 0:01:32]} exd6 {[%emt 0:00:05]} 16. a3 {[%emt 0:03:07]} 1/2-1/2

[Event "Estonian-ch Open 2020"]
[Site "Paul Kerese Malemaja"]
[Date "2020.08.16"]
[Round "9.4"]
[White "Kanep, Meelis"]
[Black "Shishkov, Andrei"]
[Result "1/2-1/2"]
[WhiteElo "2465"]
[BlackElo "2390"]
[Annotator "TA"]
[PlyCount "72"]
[EventDate "2020.08.09"]
[EventCountry "EST"]
[SourceTitle "playchess.com"]
[Source "ChessBase"]
[SourceQuality "1"]

{[%evp 9,72,14,31,32,31,33,34,33,33,32,32,32,33,27,32,33,37,23,32,24,37,15,55,18,25,25,47,57,54,41,55,43,60,54,45,20,41,42,29,33,23,22,56,64,64,74,139,128,184,54,65,63,86,83,73,85,133,77,213,0,0,0,0,0,0]} 1. d4 d5 2. c4 e6 3. Nc3 a6 4. cxd5 exd5 5. Nf3 h6 6. Bf4 {D31: Queen's Gambit Declined: Semi-Slav without ...Nf6 (+ Marshall Gambit and Noteboom) and Exchange Variation lines without ...Nf6.} Nf6 7. e3 Bd6 8. Bxd6 {White is slightly better.} Qxd6 9. Bd3 O-O 10. h3 Be6 11. O-O Nbd7 12. Rc1 {[#]} Rfd8 $146 ({Predecessor:} 12... c5 13. dxc5 Nxc5 14. Nd4 Rac8 15. Rc2 Rfd8 16. Qd2 Nfd7 17. Rfc1 Ne5 18. Be2 Nc4 {½-½ (50) Alonso Rosell,A (2559)-Tica,S (2416) Skopje 2019}) 13. Ne2 Rac8 14. Nf4 Ne4 15. b4 Qxb4 16. Nxe6 fxe6 17. Rb1 Qa5 18. Rxb7 c5 19. Nh4 Ndf6 20. Ng6 Rc7 21. Rxc7 Qxc7 22. Qa4 Qd6 23. Bxe4 Nxe4 24. dxc5 Nxc5 25. Qd4 Nd7 26. Rc1 {And now Rc6! would win.} Kf7 27. Nf4 Nf6 (27... Rb8 $142) 28. Qa4 $1 $16 e5 {[#]} (28... d4 $16) 29. Rc6 (29. Nd3 $1 $18) 29... Qb8 $1 $14 30. Ne6 Rd6 31. Nc5 Rxc6 32. Qxc6 Qb1+ 33. Kh2 Qxa2 {[#]} (33... Qf5 $16 {might work better.}) 34. Qc7+ $2 ({White has to play} 34. Qe6+ $1 $18 Kf8 35. Nd3 (35. Qxe5 Qxf2 36. Qe6 Qh4 $11)) 34... Kg6 $11 {The position is equal.} 35. Ne6 Qxf2 36. Qxe5 Ng4+ {Accuracy: White = 79%, Black = 75%.} 1/2-1/2